|
|
|
|
| LEADER |
02442nam a2200673 a 4500 |
| 001 |
nkc20122275952 |
| 003 |
CZ PrNK |
| 005 |
20120626155252.0 |
| 007 |
ta |
| 008 |
120125s2011 xr b f 001 0 cze |
| 015 |
|
|
|a cnb002275952
|
| 020 |
|
|
|a 978-80-210-5625-1
|q (brož.)
|
| 035 |
|
|
|a (OCoLC)798993160
|
| 040 |
|
|
|a ABA001
|b cze
|d BOA001
|
| 043 |
|
|
|a f------
|a e------
|
| 072 |
|
7 |
|a 91
|x Geografie jako věda. Výzkum. Cestování
|2 Konspekt
|9 7
|
| 080 |
|
|
|a 528.9
|2 MRF
|
| 080 |
|
|
|a 004:91
|2 MRF
|
| 080 |
|
|
|a 913(6)
|2 MRF
|
| 080 |
|
|
|a 913(4)
|2 MRF
|
| 080 |
|
|
|a (6)
|2 MRF
|
| 080 |
|
|
|a (4)
|2 MRF
|
| 080 |
|
|
|a (084.41)
|2 MRF
|
| 080 |
|
|
|a (084.3)
|2 MRF
|
| 080 |
|
|
|a (048.8:082)
|2 MRF
|
| 245 |
0 |
0 |
|a Historický atlas vybraných území Evropy a Afriky podle Klaudia Ptolemaia /
|c Lukáš Herman ... [et al.]
|
| 250 |
|
|
|a 1. vyd.
|
| 260 |
|
|
|a Brno :
|b Masarykova univerzita,
|c 2011
|
| 300 |
|
|
|a 56 s. :
|b barev. mapy ;
|c 30 cm
|
| 500 |
|
|
|a Pod názvem: Geografický ústav, Přírodovědecká fakulta MU
|
| 500 |
|
|
|a 200 výt.
|
| 504 |
|
|
|a Obsahuje bibliografii a rejstřík
|
| 600 |
1 |
7 |
|a Ptolemaios, Klaudios,
|d asi 100-178.
|t Geographike Hyphegesis
|7 aun2012706405
|2 czenas
|
| 650 |
0 |
7 |
|a kartografie
|7 ph114874
|2 czenas
|
| 650 |
0 |
7 |
|a geoinformatika
|7 ph340655
|2 czenas
|
| 650 |
0 |
7 |
|a regionální geografie
|7 ph116030
|z Afrika
|2 czenas
|
| 650 |
0 |
7 |
|a regionální geografie
|7 ph116030
|z Evropa
|2 czenas
|
| 650 |
0 |
9 |
|a cartography
|2 eczenas
|
| 650 |
0 |
9 |
|a geoinformatics
|2 eczenas
|
| 650 |
0 |
9 |
|a regional geography
|z Africa
|2 eczenas
|
| 650 |
0 |
9 |
|a regional geography
|z Europe
|2 eczenas
|
| 655 |
|
7 |
|a atlasy
|7 fd131835
|2 czenas
|
| 655 |
|
7 |
|a mapy
|7 fd132800
|2 czenas
|
| 655 |
|
7 |
|a kolektivní monografie
|7 fd501537
|2 czenas
|
| 655 |
|
9 |
|a atlases
|2 eczenas
|
| 655 |
|
9 |
|a maps
|2 eczenas
|
| 655 |
|
9 |
|a collective monographs
|2 eczenas
|
| 651 |
|
7 |
|a Afrika
|7 ge137148
|2 czenas
|
| 651 |
|
7 |
|a Evropa
|7 ge137210
|2 czenas
|
| 651 |
|
9 |
|a Africa
|2 eczenas
|
| 651 |
|
9 |
|a Europe
|2 eczenas
|
| 700 |
1 |
|
|a Herman, Lukáš,
|d 1987-
|7 mub2011652807
|4 aut
|
| 710 |
2 |
|
|a Masarykova univerzita.
|b Geografický ústav
|7 ko2005276089
|
| 910 |
2 |
|
|a BOA001
|b 4-1278.477
|
| 990 |
|
|
|a BK
|
| 995 |
|
|
|a 01
|
| 991 |
|
|
|b 201202
|c NOV
|e n
|
| 996 |
6 |
|
|b 2610500067
|c 4-1278.477
|l MZK
|r Sklad / do 1 hodiny
|n 5
|p p.v.
|w 001223753
|u 000010
|a 1
|e BOA001
|j MZK50
|s P
|
| 996 |
7 |
|
|b 2610500068
|c 4-1278.477
|l MZK
|r Sklad / do 1 hodiny
|n 7
|p p.v.
|w 001223753
|u 000020
|a 1
|e BOA001
|j MZK50
|s A
|